[Event "ChFRA - National B"]
[Site "Aix-les-Bains"]
[Date "2007.08.22"]
[Round "9.3"]
[White "Cornette, Matthieu"]
[Black "Crut, Aurelien"]
[Result "1-0"]
[WhiteElo "2487"]
[BlackElo "2350"]
[PlyCount "81"]
[EventDate "2007.08.13"]
[EventType "tourn"]
[EventRounds "11"]
[EventCountry "FRA"]
[Source "lmi"]
[SourceDate "2007.08.13"]

1. e4 e6 2. d4 d5 3. e5 c5 4. c3 Nc6 5. Nf3 Bd7 6. Bd3 cxd4 7. cxd4 Qb6 8. O-O
Nxd4 9. Nbd2 Nc6 10. Nb3 Nge7 11. Be3 Qc7 12. Nc5 Ng6 13. Rc1 Ngxe5 14. Nxe5
Qxe5 15. Qa4 Bxc5 16. Bxc5 f5 17. Rfe1 Qf6 18. b4 Kf7 19. b5 Ne7 20. Bd4 Qh4
21. g3 Qg4 22. Rc7 Rhd8 23. Rxb7 a6 24. Be2 Qg6 25. Qb4 e5 26. Bxe5 axb5 27.
Bxb5 Nc6 28. Qd6 Qxd6 29. Bxd6 Rac8 30. Bxc6 Rxc6 31. Be7 Rc1 32. Rxc1 Kxe7 33.
Rc6 g6 34. a4 Ke8 35. Rd6 Bxa4 36. Rxd8+ Kxd8 37. Rxh7 d4 38. Kf1 Bc2 39. f4
Ke8 40. Rg7 Bd3+ 41. Ke1 1-0

[Event "ChFRA - National B"]
[Site "Aix-les-Bains"]
[Date "2007.08.22"]
[Round "9.4"]
[White "Kouatly, Bachar"]
[Black "Shchekachev, Andrei"]
[Result "0-1"]
[WhiteElo "2475"]
[BlackElo "2541"]
[PlyCount "62"]
[EventDate "2007.08.13"]
[EventType "tourn"]
[EventRounds "11"]
[EventCountry "FRA"]
[Source "lmi"]
[SourceDate "2007.08.13"]

1. d4 Nf6 2. c4 e6 3. Nc3 Bb4 4. Qc2 c5 5. dxc5 Qc7 6. a3 Bxc5 7. b4 Be7 8. e4
a6 9. f4 d6 10. Nf3 Nbd7 11. Bd3 b6 12. O-O Bb7 13. Bd2 Rc8 14. Qd1 O-O 15. Qe2
Rfd8 16. Rae1 Bf8 17. Kh1 g6 18. Qf2 Bg7 19. h3 Nh5 20. Ne2 Rf8 21. g4 Nhf6 22.
Ng3 Qc6 23. Kh2 Qc7 24. Kh1 Qb8 25. Be3 Qa8 26. Bxb6 d5 27. cxd5 exd5 28. exd5
Rc3 29. Ne5 Nxb6 30. Qxb6 Nxd5 31. Qd4 Rxd3 0-1

[Event "ChFRA - National B"]
[Site "Aix-les-Bains"]
[Date "2007.08.22"]
[Round "9.5"]
[White "Abergel, Thal"]
[Black "Colin, Vincent"]
[Result "1-0"]
[WhiteElo "2512"]
[BlackElo "2425"]
[PlyCount "27"]
[EventDate "2007.08.13"]
[EventType "tourn"]
[EventRounds "11"]
[EventCountry "FRA"]
[Source "lmi"]
[SourceDate "2007.08.13"]

1. d4 Nf6 2. Nf3 e6 3. e3 c5 4. Bd3 b6 5. O-O Bb7 6. c4 Be7 7. Nc3 cxd4 8. exd4
d5 9. cxd5 Nxd5 10. Ne5 O-O 11. Qh5 Nf6 12. Qh4 Nc6 13. Bg5 g6 14. Ba6 1-0

[Event "ChFRA - National B"]
[Site "Aix-les-Bains"]
[Date "2007.08.22"]
[Round "9.6"]
[White "Govciyan, Pavel"]
[Black "Prie, Eric"]
[Result "1/2-1/2"]
[WhiteElo "2430"]
[BlackElo "2518"]
[PlyCount "123"]
[EventDate "2007.08.13"]
[EventType "tourn"]
[EventRounds "11"]
[EventCountry "FRA"]
[Source "lmi"]
[SourceDate "2007.08.13"]

1. d4 d5 2. Nf3 Nf6 3. c4 c6 4. Nc3 a6 5. c5 Nbd7 6. Bf4 Nh5 7. Bd2 Nhf6 8. Bf4
Nh5 9. Bd2 g6 10. e4 dxe4 11. Nxe4 Ndf6 12. Nxf6+ exf6 13. Bc4 Qe7+ 14. Qe2
Qxe2+ 15. Kxe2 Be6 16. Bxe6 fxe6 17. Rhe1 Kf7 18. g4 Ng7 19. a4 Be7 20. Kd3 Ne8
21. Ra3 Nc7 22. Rb3 Ra7 23. Kc4 Nd5 24. g5 Re8 25. gxf6 Bxf6 26. Bg5 Bg7 27.
Bh4 h6 28. Bg3 Bf6 29. Nd2 Ne7 30. Ne4 Nf5 31. Be5 Be7 32. Ra1 Rd8 33. Rba3
Raa8 34. b4 Rd5 35. Rd3 Rad8 36. Rad1 Ra8 37. Rb1 Bf8 38. Nc3 Rd7 39. Re1 Be7
40. Ne4 Bf8 41. Nd2 Be7 42. Kc3 Rd5 43. Nc4 Bd8 44. Rb1 Rd7 45. Rf3 Bc7 46. Rg1
Rg8 47. Rf4 Ke8 48. Rfg4 Ne7 49. Bxc7 Rxc7 50. Ne5 Rf8 51. R1g2 g5 52. Re4 Nd5+
53. Kc4 Rg7 54. h4 Rfg8 55. Nf3 Kf7 56. hxg5 hxg5 57. Ne5+ Ke7 58. Rh2 g4 59.
Rh6 g3 60. fxg3 Rxg3 61. Nd3 Nf6 62. Re1 1/2-1/2

[Event "ChFRA - National B"]
[Site "Aix-les-Bains"]
[Date "2007.08.23"]
[Round "10.1"]
[White "Shoker, Samy"]
[Black "Edouard, Romain"]
[Result "1-0"]
[WhiteElo "2318"]
[BlackElo "2483"]
[PlyCount "61"]
[EventDate "2007.08.13"]
[EventType "tourn"]
[EventRounds "11"]
[EventCountry "FRA"]
[Source "lmi"]
[SourceDate "2007.08.13"]

1. g3 d5 2. Bg2 c5 3. d3 Nc6 4. Nf3 e5 5. O-O Nge7 6. c3 f6 7. e4 d4 8. cxd4
cxd4 9. Nh4 Be6 10. f4 Qd7 11. Na3 O-O-O 12. Bd2 Kb8 13. b4 Nc8 14. Rb1 exf4
15. gxf4 g5 16. fxg5 fxg5 17. Bxg5 Be7 18. Bf4+ Bd6 19. Qd2 Ne5 20. Nf5 Bxf5
21. exf5 Rhg8 22. Kh1 Rdf8 23. Rbe1 Rxf5 24. Be4 Rxf4 25. Rxf4 Qh3 26. Nb5 Qh5
27. Rf5 Qh3 28. Nxd6 Nxd6 29. Qf4 Nxf5 30. Qxe5+ Ka8 31. Qf4 1-0

[Event "ChFRA - National B"]
[Site "Aix-les-Bains"]
[Date "2007.08.23"]
[Round "10.2"]
[White "Shchekachev, Andrei"]
[Black "Govciyan, Pavel"]
[Result "1-0"]
[WhiteElo "2541"]
[BlackElo "2430"]
[PlyCount "83"]
[EventDate "2007.08.13"]
[EventType "tourn"]
[EventRounds "11"]
[EventCountry "FRA"]
[Source "lmi"]
[SourceDate "2007.08.13"]

1. Nf3 d5 2. d4 Nf6 3. c4 e6 4. Nc3 c6 5. Qd3 dxc4 6. Qxc4 b5 7. Qd3 b4 8. Ne4
Nxe4 9. Qxe4 Be7 10. Bf4 Qa5 11. Qe5 Qxe5 12. Nxe5 f6 13. Nc4 Ba6 14. e4 c5 15.
d5 Nd7 16. O-O-O exd5 17. exd5 O-O 18. d6 Bd8 19. Bd3 f5 20. Ne5 Nb8 21. Bc2 g5
22. Bb3+ Kg7 23. Bd5 gxf4 24. Bxa8 Bf6 25. Rhe1 Bb5 26. Bd5 Re8 27. Bc4 a6 28.
Bxb5 axb5 29. Nd3 Rd8 30. Nxf4 Bg5 31. g3 Nc6 32. Rd5 Rd7 33. Rxf5 Bxf4+ 34.
gxf4 Rxd6 35. Rg1+ Kh6 36. Rxc5 Nd4 37. Kb1 Ne2 38. Re1 Nxf4 39. Rxb5 Rd2 40.
Rxb4 Rxf2 41. Rd1 Kg5 42. a4 1-0

[Event "ChFRA - National B"]
[Site "Aix-les-Bains"]
[Date "2007.08.23"]
[Round "10.3"]
[White "Colin, Vincent"]
[Black "Cornette, Matthieu"]
[Result "1/2-1/2"]
[WhiteElo "2425"]
[BlackElo "2487"]
[PlyCount "69"]
[EventDate "2007.08.13"]
[EventType "tourn"]
[EventRounds "11"]
[EventCountry "FRA"]
[Source "lmi"]
[SourceDate "2007.08.13"]

1. c4 c5 2. Nf3 Nc6 3. Nc3 e5 4. g3 g6 5. Bg2 Bg7 6. O-O d6 7. d3 Nge7 8. a3 a5
9. Rb1 O-O 10. Bd2 h6 11. Ne1 Be6 12. Nd5 Rb8 13. b4 axb4 14. axb4 cxb4 15.
Nxb4 Qd7 16. Nd5 b5 17. Bxh6 Nxd5 18. cxd5 Bxd5 19. Bxd5 Bxh6 20. Nc2 Rfc8 21.
Nb4 Nxb4 22. Rxb4 Rc1 23. Qb3 Rxf1+ 24. Kxf1 Bd2 25. Rh4 Rf8 26. Kg2 Kg7 27.
Qc2 Bg5 28. Rb4 Rc8 29. Qa2 Bd8 30. e3 Rc5 31. d4 exd4 32. exd4 Rc7 33. Qb3 Bf6
34. Rxb5 Bxd4 35. Rb7 1/2-1/2

[Event "ChFRA - National B"]
[Site "Aix-les-Bains"]
[Date "2007.08.23"]
[Round "10.4"]
[White "Crut, Aurelien"]
[Black "Kouatly, Bachar"]
[Result "1/2-1/2"]
[WhiteElo "2350"]
[BlackElo "2475"]
[PlyCount "67"]
[EventDate "2007.08.13"]
[EventType "tourn"]
[EventRounds "11"]
[EventCountry "FRA"]
[Source "lmi"]
[SourceDate "2007.08.13"]

1. e4 c5 2. Nf3 e6 3. c3 Nf6 4. e5 Nd5 5. d4 cxd4 6. cxd4 b6 7. Bc4 Ba6 8. Bxd5
exd5 9. Nc3 Bb4 10. Qb3 Bxc3+ 11. bxc3 Bc4 12. Qb4 Nc6 13. Qd6 Rc8 14. Ba3 Na5
15. Nd2 Rc6 16. Qb4 d6 17. Nxc4 Nxc4 18. O-O O-O 19. exd6 Rxd6 20. Qb3 Nxa3 21.
Qxa3 Qc7 22. Rfe1 g6 23. Re3 Rd7 24. Rae1 Kg7 25. g3 Rfd8 26. Re8 Rxe8 27. Rxe8
Qd6 28. Qxd6 Rxd6 29. Re7 Rc6 30. Rxa7 Rxc3 31. Rd7 Ra3 32. Rxd5 Rxa2 33. Rb5
Ra4 34. Rxb6 1/2-1/2

[Event "ChFRA - National B"]
[Site "Aix-les-Bains"]
[Date "2007.08.23"]
[Round "10.5"]
[White "Prie, Eric"]
[Black "Maze, Sebastien"]
[Result "0-1"]
[WhiteElo "2518"]
[BlackElo "2530"]
[PlyCount "76"]
[EventDate "2007.08.13"]
[EventType "tourn"]
[EventRounds "11"]
[EventCountry "FRA"]
[Source "lmi"]
[SourceDate "2007.08.13"]

1. d4 Nf6 2. Nf3 g6 3. Bg5 Bg7 4. e3 O-O 5. Be2 d6 6. c4 Ne4 7. Bh4 c5 8. O-O
Nc6 9. Nbd2 Nxd2 10. Qxd2 Bg4 11. d5 Bxf3 12. Bxf3 Ne5 13. Be2 Re8 14. Rab1 Bf6
15. Bg3 Qc7 16. Rfc1 Reb8 17. a3 h5 18. h3 a6 19. b4 b6 20. f4 Nd7 21. Bf2 cxb4
22. axb4 a5 23. e4 axb4 24. Rxb4 Nc5 25. Qe3 Ra2 26. Bf1 Rba8 27. Rb5 R8a3 28.
Qe1 Rxf2 29. Qxf2 Nxe4 30. Qc2 Bd4+ 31. Kh2 Be3 32. Qxe4 Bxc1 33. f5 g5 34. g3
Be3 35. Rb2 Kf8 36. Be2 h4 37. gxh4 Bf4+ 38. Kh1 Rxh3+ 0-1

[Event "ChFRA - National B"]
[Site "Aix-les-Bains"]
[Date "2007.08.24"]
[Round "11.2"]
[White "Abergel, Thal"]
[Black "Shoker, Samy"]
[Result "1/2-1/2"]
[WhiteElo "2512"]
[BlackElo "2318"]
[PlyCount "22"]
[EventDate "2007.08.13"]
[EventType "tourn"]
[EventRounds "11"]
[EventCountry "FRA"]
[Source "lmi"]
[SourceDate "2007.08.13"]

1. d4 g6 2. e4 Bg7 3. Nc3 d6 4. f4 Nc6 5. d5 Nd4 6. Be3 c5 7. dxc6 Nxc6 8. Nf3
Nf6 9. Bd3 O-O 10. Qd2 Bd7 11. O-O-O Rc8 1/2-1/2

[Event "ChFRA - National B"]
[Site "Aix-les-Bains"]
[Date "2007.08.24"]
[Round "11.3"]
[White "Cornette, Matthieu"]
[Black "Libiszewski, Fabien"]
[Result "1/2-1/2"]
[WhiteElo "2487"]
[BlackElo "2469"]
[PlyCount "21"]
[EventDate "2007.08.13"]
[EventType "tourn"]
[EventRounds "11"]
[EventCountry "FRA"]
[Source "lmi"]
[SourceDate "2007.08.13"]

1. e4 Nf6 2. Nc3 e5 3. Nf3 Nc6 4. d4 exd4 5. Nxd4 Bb4 6. Nxc6 bxc6 7. Bd3 d5 8.
exd5 Qe7+ 9. Qe2 Qxe2+ 10. Kxe2 cxd5 11. Bg5 1/2-1/2

[Event "ChFRA - National B"]
[Site "Aix-les-Bains"]
[Date "2007.08.24"]
[Round "11.5"]
[White "Edouard, Romain"]
[Black "Prie, Eric"]
[Result "1/2-1/2"]
[WhiteElo "2483"]
[BlackElo "2518"]
[PlyCount "44"]
[EventDate "2007.08.13"]
[EventType "tourn"]
[EventRounds "11"]
[EventCountry "FRA"]
[Source "lmi"]
[SourceDate "2007.08.13"]

1. e4 d5 2. exd5 Qxd5 3. Nc3 Qa5 4. d4 Nf6 5. Nf3 c6 6. Bc4 Bf5 7. Bd2 e6 8.
Nd5 Qd8 9. Nxf6+ gxf6 10. Bb3 Nd7 11. Nh4 Bg6 12. Qe2 Qc7 13. O-O-O O-O-O 14.
g3 Kb8 15. Ng2 Bd6 16. h4 h5 17. Nf4 Bf5 18. Nxh5 c5 19. g4 Rxh5 20. gxf5 Rxf5
21. Be3 cxd4 22. Bxd4 Rh8 1/2-1/2

[Event "ChFRA - National B"]
[Site "Aix-les-Bains"]
[Date "2007.08.24"]
[Round "11.6"]
[White "Govciyan, Pavel"]
[Black "Crut, Aurelien"]
[Result "1-0"]
[WhiteElo "2430"]
[BlackElo "2350"]
[PlyCount "75"]
[EventDate "2007.08.13"]
[EventType "tourn"]
[EventRounds "11"]
[EventCountry "FRA"]
[Source "lmi"]
[SourceDate "2007.08.13"]

1. c4 e6 2. d4 d5 3. Nc3 c6 4. e3 Nf6 5. Nf3 Nbd7 6. Bd3 dxc4 7. Bxc4 b5 8. Bb3
b4 9. Ne2 Bb7 10. O-O Be7 11. Nf4 O-O 12. Ng5 Qa5 13. Nfxe6 fxe6 14. e4 Kh8 15.
e5 Nd5 16. Nxe6 Rf7 17. Qh5 g6 18. Qh6 Nf8 19. Ng5 Bxg5 20. Bxg5 Ne6 21. Bh4
Bc8 22. Rad1 Kg8 23. h3 Qb6 24. Qd2 Bd7 25. Rfe1 Rf4 26. Bf6 Rf8 27. h4 Rxd4
28. Qh6 Rxd1 29. Rxd1 Rf7 30. h5 gxh5 31. Rd3 Nxf6 32. exf6 Kh8 33. Qd2 Qc5 34.
Bxe6 Bxe6 35. Rd8+ Rf8 36. Qh6 Qc1+ 37. Qxc1 Rxd8 38. Qxc6 1-0